000
00290nam a22001337a 4500
008
180913b xxu||||| |||| 00| 0 eng d
020
_a
9780538870115
041
_a
eng
080
_2
4 ED
_a
338.139
100
_a
60
101
_a
MAR
245
_a
Marketing
_c
Lamb.CH.M
942
_2
udc
_c
BK
999
_c
47739
_d
47739